000
00270nam a2200097Ia 4500
001
1207558
005
20250827022828.0
008
250824s9999 xx 000 0 und d
245
0
_a
ÇANAKKALEDE AÇAN VATAN ÇİÇEKLERİ
_c
HASAN BAYRAKTAR
260
_b
KAYALIPARK YAYINLARI
999
_c
1207558
_d
1207558